000 00325nam a22001337a 4500
008 181031b xxu||||| |||| 00| 0 eng d
020 _a9780807060018
041 _aeng
080 _a370
100 _a47
101 _aEDU
245 _aNonsexist Word Findle Dictionary Gnder Free Usage
_cMaggio.R
942 _2udc
_cBK
999 _c51260
_d51260